000 00665nam a2200277Ia 4500
005 20260324151051.0
008 008 260324s9999 xx 000 0 eng d
020 _a9781003611356
037 _aEBOOK
040 _aCRL
040 _beng
040 _cCRL
041 _2eng
041 _aeng
084 _qCRL
100 _aJ. J. Jusserand; Lucy Toulmin Smith
_91228607
245 0 _aEnglish Wayfaring Life in the Middle Ages
260 _bTaylor and Francis
260 _c1889
365 _a
365 _b110
856 _uhttp://www.taylorfrancis.com/books/9781003611356
942 _cEBOOK
999 _c1839100
_d1839100